000 00313nam a22001457a 4500
008 230418b ||||| |||| 00| 0 eng d
020 _a2900452274142
041 _aeng
080 _a618
082 _a618DUM
100 _a15
101 _aGJINE
245 _aOUR STOLEN FUTURE
_cDUMANOSKI.D
942 _2udc
_cBK
999 _c59581
_d59581